UM Logo

HR5 : (Record no. 17698)

MARC details
000 -LEADER
fixed length control field 00631nam a2200181 4500
005 - DATE AND TIME OF LATEST TRANSACTION
control field 20241217103525.0
008 - FIXED-LENGTH DATA ELEMENTS--GENERAL INFORMATION
fixed length control field 221212b ||||| |||| 00| 0 eng d
020 ## - INTERNATIONAL STANDARD BOOK NUMBER
International Standard Book Number 9780357048191
082 ## - DEWEY DECIMAL CLASSIFICATION NUMBER
Classification number DC 658.3 D416 2020
100 ## - MAIN ENTRY--PERSONAL NAME
Personal name DeNisi, Angelo.
9 (RLIN) 46981
245 ## - TITLE STATEMENT
Title HR5 :
Remainder of title human resources /
Statement of responsibility, etc. Angelo DeNisi and Ricky W. Griffin.
260 ## - PUBLICATION, DISTRIBUTION, ETC. (IMPRINT)
Place of publication, distribution, etc. Australia :
Name of publisher, distributor, etc. Cengage Learning Inc.,
Date of publication, distribution, etc. ©2020.
300 ## - PHYSICAL DESCRIPTION
Extent ix, 404 pages :
Other physical details illustrations ;
Dimensions 28 cm.
Accompanying material 1 compact disc.
500 ## - GENERAL NOTE
General note Includes bibliography and index.<br/>
650 ## - SUBJECT ADDED ENTRY--TOPICAL TERM
Topical term or geographic name as entry element Personnel management.
9 (RLIN) 46982
700 ## - ADDED ENTRY--PERSONAL NAME
Personal name Griffin, Ricky W.
Relator term author.
9 (RLIN) 46983
942 ## - ADDED ENTRY ELEMENTS (KOHA)
Source of classification or shelving scheme Dewey Decimal Classification
Koha item type Circulation
Holdings
Withdrawn status Lost status Source of classification or shelving scheme Damaged status Not for loan Collection code Home library Current library Date acquired Source of acquisition Cost, normal purchase price Total Checkouts Full call number Barcode Date last seen Price effective from Koha item type
    Dewey Decimal Classification     Circulation UM Digos College - LIC UM Digos College - LIC 08/16/2022 Purchased 6350.00   DC 658.3 D416 2020 26843 05/15/2025 12/12/2022 Circulation